000 00962nam a22003017a 4500
001 5145
003 FISKH
005 20250814141450.0
008 241107b cb ||||| |||| 00| 0 eng d
020 _a9780439025638
040 _aFISKH
_beng
_cFISKH
_dFISKH
050 _aPZ7.M47883
082 _a813.6
100 _aMcQuinn, Anna
245 _aLola at the library /
_cAnna McQuinn Illustrated by Rosalind Beardshaw
250 _aFirst printing in 2006
260 _aWatertown :
_bScholastic,
_c2006.
300 _a23 pages :
_bColor illustrations ;
_c25 cm
505 _aJ
520 _aEvery Tuesday Lola and her mother visit their local library to return and check out books, attend story readings, and share a special treat.
521 8 _a480L
_bLexile
521 8 _aJ
_bRaz-Plus
650 _2Picture book
_aFamily
650 _2Fiction
_aLibraries
700 _aBeardshaw, Rosalind
_dIllustrator
942 _2ddc
_cBK
_n0
999 _c5145
_d5145